00650nab a2200217 i 45000010005000000030009000050050017000140080039000310400008000700800011000780800007000890800010000961000119001062450061002252600010002865000026002966500012003226500015003346500025003497730058003747108KOSZ 00520180426092830.0160128s1980 pl | | |000 ||pol cBPK a614.79 a63 a628.1 aSOBCZAK, Leszek.d1979 - 1980.bWyższa Szkoła Inżynierska w Koszalinie - Studium Nauk Społeczno-Politycznych aZaopatrzenie wsi i rolnictwa w wodę /cLeszek Sobczak. c1980. aDane z kartoteki BPP. 0aWieś. 0aRolnictwo. 0aWoda - zaopatrzenie. iW :tWieś Współczesna. -d1980, nr 2, s. 118-122